000 00536nam a2200205Ia 4500
005 20250326141225.0
008 250326s9999 xx 000 0 und d
037 _aTextbook
040 _aFMSL
_beng
_cFMSL
041 _aeng
_2eng
084 _qFMSL
100 _aTHAPAR'S
_9743976
245 0 _aIndian industrial directory, 1994-95, pt.I & II, vol.I
_cTHAPAR'S
250 _aEd 16th
260 _aBombay
_bBombay, Sunderdas Gianchand
_c1995
300 _a975p
490 _vv.1
942 _cTB
999 _c1289303
_d1289303